[Event "Wch U20 56th"]
[Site "Tarvisio"]
[Date "2017.11.19"]
[Round "6"]
[White "Bayramov, Elkhan Khayyat"]
[Black "Sukovic, Andrej"]
[Result "1/2-1/2"]
[WhiteElo "2065"]
[BlackElo "2306"]
[PlyCount "80"]
[EventDate "2017.11.13"]
[EventType "swiss"]
[EventRounds "11"]
[EventCountry "ITA"]
[SourceTitle "CBM 181 Extra"]
[Source "ChessBase"]
[SourceDate "2017.12.12"]
[SourceVersion "1"]
[SourceVersionDate "2017.12.12"]
[SourceQuality "1"]

1. e4 c5 2. Nf3 d6 3. Nc3 Nf6 4. d4 cxd4 5. Nxd4 a6 6. Bc4 e6 7. Bb3 Be7 8. Be3 Qc7 9. Qe2 Nc6 10. 0-0-0 0-0 11. Rhg1 b5 12. g4 Na5 13. g5 Nxb3+ 14. axb3 Nd7 15. Nf5 Nc5 16. Nxe7+ Qxe7 17. Rg3 b4 18. Bxc5 dxc5 19. Na4 Bb7 20. Qc4 Rac8 21. Nb6 Rcd8 22. Rxd8 Rxd8 23. Na4 Rd4 24. Qxc5 Qd8 25. Rd3 Rxd3 26. cxd3 Qxd3 27. Qa7 Qd7 28. Nc5 Qc7 29. Kd2 Qd6+ 30. Ke3 Bc8 31. Nd3 h6 32. e5 Qc6 33. gxh6 Bb7 34. hxg7 Kxg7 35. Kd2 Qd5 36. Qc5 a5 37. Qxd5 Bxd5 38. Kc2 Be4 39. Kd2 Bd5 40. Nc5 Kg6 1/2-1/2

[Event "Wch U20 56th"]
[Site "Tarvisio"]
[Date "2017.11.17"]
[Round "5"]
[White "Mohammad, Nubairshah Shaikh"]
[Black "Bayramov, Elkhan Khayyat"]
[Result "1-0"]
[WhiteElo "2394"]
[BlackElo "2065"]
[PlyCount "93"]
[EventDate "2017.11.13"]
[EventType "swiss"]
[EventRounds "11"]
[EventCountry "ITA"]
[SourceTitle "CBM 181 Extra"]
[Source "ChessBase"]
[SourceDate "2017.12.12"]
[SourceVersion "1"]
[SourceVersionDate "2017.12.12"]
[SourceQuality "1"]

1. Nf3 Nf6 2. d4 g6 3. c4 Bg7 4. Nc3 d6 5. e4 0-0 6. Be2 e5 7. 0-0 Nc6 8. d5 Ne7 9. b4 Ne8 10. a4 f5 11. a5 Nf6 12. Bg5 h6 13. Bxf6 Rxf6 14. Nd2 f4 15. c5 g5 16. Rc1 g4 17. Bxg4 Rg6 18. Bxc8 Rxc8 19. cxd6 cxd6 20. Qa4 Kh7 21. Nf3 Rc4 22. Qb3 Qc8 23. g3 h5 24. Ne2 Rxc1 25. Rxc1 Qg4 26. Qd3 fxg3 27. fxg3 Nxd5 28. exd5 e4 29. Qe3 exf3 30. Nf4 h4 31. Qe4 hxg3 32. h3 Qg5 33. Qxf3 Be5 34. Rc7+ Kh6 35. Nxg6 Qxg6 36. Kg2 Qb1 37. Qf8+ Kg5 38. Qg8+ Kf4 39. Rf7+ Ke3 40. Qg5+ Kd4 41. Qd2+ Kc4 42. Rc7+ Kb3 43. Qe2 b5 44. axb6 axb6 45. Qc4+ Kb2 46. b5 Ka3 47. Ra7+ 1-0

[Event "Wch U20 56th"]
[Site "Tarvisio"]
[Date "2017.11.16"]
[Round "4"]
[White "Bayramov, Elkhan Khayyat"]
[Black "Zanan, Evgeny"]
[Result "0-1"]
[WhiteElo "2065"]
[BlackElo "2471"]
[PlyCount "82"]
[EventDate "2017.11.13"]
[EventType "swiss"]
[EventRounds "11"]
[EventCountry "ITA"]
[SourceTitle "CBM 181 Extra"]
[Source "ChessBase"]
[SourceDate "2017.12.12"]
[SourceVersion "1"]
[SourceVersionDate "2017.12.12"]
[SourceQuality "1"]

1. e4 e6 2. d4 d5 3. Nc3 Nf6 4. e5 Nfd7 5. f4 c5 6. Nf3 Nc6 7. Be3 a6 8. Qd2 b5 9. dxc5 Bxc5 10. Ne2 Qb6 11. Bxc5 Nxc5 12. Ned4 Bd7 13. Qe3 Rc8 14. Be2 Na4 15. Rb1 0-0 16. Bd3 h6 17. 0-0 Nb4 18. Nh4 Nc5 19. Be2 Ne4 20. c3 Nc6 21. Nhf3 b4 22. Rfc1 bxc3 23. bxc3 Qa5 24. c4 Nxd4 25. Nxd4 Rb8 26. Bd3 Rxb1 27. Bxb1 Rc8 28. Nb3 Qb4 29. Bxe4 dxe4 30. Nd2 Bc6 31. Nxe4 Rd8 32. Nf2 Qb2 33. a3 Rd3 34. Qxd3 Qxc1+ 35. Qd1 Qxf4 36. Qd8+ Kh7 37. Qd3+ g6 38. Qc3 Qg5 39. g3 Qf5 40. h3 Qb1+ 41. Kh2 Qf1 0-1

[Event "Wch U20 56th"]
[Site "Tarvisio"]
[Date "2017.11.15"]
[Round "3"]
[White "Huber, Martin Christian"]
[Black "Bayramov, Elkhan Khayyat"]
[Result "0-1"]
[WhiteElo "2396"]
[BlackElo "2065"]
[PlyCount "80"]
[EventDate "2017.11.13"]
[EventType "swiss"]
[EventRounds "11"]
[EventCountry "ITA"]
[SourceTitle "CBM 181 Extra"]
[Source "ChessBase"]
[SourceDate "2017.12.12"]
[SourceVersion "1"]
[SourceVersionDate "2017.12.12"]
[SourceQuality "1"]

1. Nf3 f5 2. d3 d6 3. e4 Nf6 4. Nc3 Nc6 5. exf5 Bxf5 6. d4 Qd7 7. Bc4 e6 8. 0-0 d5 9. Bb5 Bd6 10. Re1 0-0 11. Ne5 Qe8 12. f3 Bxe5 13. Rxe5 Qg6 14. Re2 Nb4 15. Ba4 h5 16. Bf4 Rf7 17. a3 Nc6 18. Bg3 Na5 19. Bb5 a6 20. Bd3 Bxd3 21. cxd3 Re8 22. Kh1 Nc6 23. Bf2 h4 24. Qd2 h3 25. Rg1 Qf5 26. gxh3 Qxf3+ 27. Rg2 Qxh3 28. Re3 Qh6 29. Rgg3 Nh5 30. Rh3 Ref8 31. Bg1 Nxd4 32. Qg2 Nf5 33. Re5 Qf6 34. Qg4 Nhg3+ 35. hxg3 Qxe5 36. Ne2 Rf6 37. Nf4 Nxg3+ 38. Rxg3 Rxf4 39. Qh3 R8f5 40. Qg2 Rh4+ 0-1

[Event "Wch U20 56th"]
[Site "Tarvisio"]
[Date "2017.11.14"]
[Round "2"]
[White "Bayramov, Elkhan Khayyat"]
[Black "Noboa Silva, Kevin Omar"]
[Result "1-0"]
[WhiteElo "2065"]
[BlackElo "2356"]
[PlyCount "91"]
[EventDate "2017.11.13"]
[EventType "swiss"]
[EventRounds "11"]
[EventCountry "ITA"]
[SourceTitle "CBM 181 Extra"]
[Source "ChessBase"]
[SourceDate "2017.12.12"]
[SourceVersion "1"]
[SourceVersionDate "2017.12.12"]
[SourceQuality "1"]

1. e4 e6 2. d4 d5 3. Nc3 Nf6 4. e5 Nfd7 5. f4 c5 6. Nf3 Be7 7. Be3 0-0 8. Be2 b6 9. 0-0 Nc6 10. Qd2 Qc7 11. Nb5 Qb8 12. Rae1 a6 13. Nc3 b5 14. dxc5 Nxc5 15. Bd3 b4 16. Ne2 Bd7 17. Ned4 Nxd3 18. cxd3 Nxd4 19. Nxd4 b3 20. a3 Rc8 21. Rf3 Bc5 22. f5 exf5 23. Nxf5 Bxf5 24. Rxf5 Bxe3+ 25. Qxe3 Rc6 26. Ref1 Ra7 27. Qf3 Rd7 28. Kh1 Qb7 29. Rf4 a5 30. Qg4 Rg6 31. Qh3 h6 32. d4 a4 33. Qd3 Qc6 34. Qf3 Qc7 35. h4 Rc6 36. Rg4 Rc1 37. Kh2 Rxf1 38. Qxf1 Qc6 39. Qf3 Qe6 40. Qg3 g6 41. Rf4 Qe7 42. Rf6 h5 43. Qg5 Rc7 44. e6 Qd6+ 45. Kh3 Kf8 46. Qh6+ 1-0

[Event "Wch U16"]
[Site "Al Ain"]
[Date "2013.12.24"]
[Round "8"]
[White "Valenzuela Martinez, Hermes"]
[Black "Bayramov, Elkhan Khayyat"]
[Result "1/2-1/2"]
[WhiteElo "1867"]
[BlackElo "2173"]
[PlyCount "85"]
[EventDate "2013.12.18"]
[EventType "swiss"]
[EventRounds "11"]
[EventCountry "UAE"]
[SourceTitle "CBM 158 Extra"]
[Source "ChessBase"]
[SourceDate "2014.02.28"]
[SourceVersion "1"]
[SourceVersionDate "2014.02.28"]
[SourceQuality "1"]

1. e4 c5 2. Nc3 Nc6 3. g3 g6 4. Bg2 Bg7 5. Nge2 e6 6. d3 Nge7 7. Be3 Nd4 8. 0-0 0-0 9. f4 d6 10. Qd2 Rb8 11. Nd1 b5 12. c3 Nxe2+ 13. Qxe2 b4 14. Rc1 Qa5 15. cxb4 Qxb4 16. b3 Nc6 17. Nb2 Nd4 18. Qf2 Ba6 19. Kh1 Rfd8 20. g4 f5 21. gxf5 exf5 22. Nc4 Bb7 23. Qe1 Qb5 24. Qa5 Qd7 25. Qd2 Re8 26. Bxd4 Bxd4 27. Rce1 d5 28. exd5 Bxd5 29. Bxd5+ Qxd5+ 30. Qg2 Qd7 31. h3 Rxe1 32. Rxe1 Re8 33. Rxe8+ Qxe8 34. Qd5+ Kh8 35. Ne5 Qe7 36. Kh2 Kg7 37. Qd7 Qxd7 38. Nxd7 h6 39. Nb8 g5 40. Kg3 Kf6 41. Nc6 Be3 42. fxg5+ hxg5 43. Kf3 1/2-1/2

[Event "Wch U16"]
[Site "Al Ain"]
[Date "2013.12.21"]
[Round "5"]
[White "Bayramov, Elkhan Khayyat"]
[Black "Valkama, Eero"]
[Result "0-1"]
[WhiteElo "2173"]
[BlackElo "1960"]
[PlyCount "88"]
[EventDate "2013.12.18"]
[EventType "swiss"]
[EventRounds "11"]
[EventCountry "UAE"]
[SourceTitle "CBM 158 Extra"]
[Source "ChessBase"]
[SourceDate "2014.02.28"]
[SourceVersion "1"]
[SourceVersionDate "2014.02.28"]
[SourceQuality "1"]

1. Nc3 Nf6 2. e4 e5 3. Nf3 Nc6 4. Bb5 Bb4 5. 0-0 0-0 6. Nd5 Nxd5 7. exd5 e4 8. dxc6 exf3 9. Qxf3 dxc6 10. Bd3 Qh4 11. Re1 Bd6 12. h3 Be6 13. c4 Bxc4 14. Re4 Rae8 15. g3 Rxe4 16. Bxe4 Qxh3 17. b3 f5 18. Bb2 fxe4 19. Qc3 Qg4 20. Qxc4+ Kh8 21. Qd4 c5 22. Qd5 Qf3 23. Rf1 Bxg3 24. Qxc5 Rf5 25. Qxf5 Bh2+ 26. Kxh2 Qxf5 27. Bd4 Qf4+ 28. Kg2 Qxd2 29. Be3 Qxa2 30. Rd1 h5 31. b4 Qe6 32. Rc1 h4 33. Rc5 Kg8 34. Kh2 b6 35. Rc1 Qe5+ 36. Kh3 g5 37. Kg4 Qe7 38. Bxg5 Qxb4 39. Kh5 Qd6 40. Bxh4 c5 41. Bg3 Qd5+ 42. Kg4 Qe6+ 43. Kg5 Kg7 44. Rd1 Qf6+ 0-1

[Event "Wch U16"]
[Site "Al Ain"]
[Date "2013.12.18"]
[Round "1"]
[White "Bayramov, Elkhan Khayyat"]
[Black "Kwon, Sehyun"]
[Result "1-0"]
[WhiteElo "2173"]
[BlackElo "1706"]
[PlyCount "45"]
[EventDate "2013.12.18"]
[EventType "swiss"]
[EventRounds "11"]
[EventCountry "UAE"]
[SourceTitle "CBM 158 Extra"]
[Source "ChessBase"]
[SourceDate "2014.02.28"]
[SourceVersion "1"]
[SourceVersionDate "2014.02.28"]
[SourceQuality "1"]

1. e4 c5 2. Nf3 g6 3. d4 cxd4 4. Nxd4 Bg7 5. Nc3 Nc6 6. Be3 Nf6 7. Bc4 Qa5 8. 0-0 0-0 9. h3 Qb4 10. Bb3 Nxe4 11. Nd5 Qa5 12. Nxc6 dxc6 13. Nxe7+ Kh8 14. Bd4 Qc7 15. Bxg7+ Kxg7 16. Qd4+ Nf6 17. Rae1 b6 18. Re3 c5 19. Qxf6+ Kxf6 20. Nd5+ Kg7 21. Nxc7 Rb8 22. Ne8+ Kh8 23. Nd6 1-0

[Event "World School-ch U17 9th"]
[Site "Porto Carras"]
[Date "2013.05.12"]
[Round "7"]
[White "Koksal, Ege"]
[Black "Bayramov, Elkhan Khayyat"]
[Result "1-0"]
[WhiteElo "2228"]
[BlackElo "2069"]
[PlyCount "125"]
[EventDate "2013.05.07"]
[EventType "swiss"]
[EventRounds "9"]
[EventCountry "GRE"]
[SourceTitle "CBM 154 Extra"]
[Source "ChessBase"]
[SourceDate "2013.06.25"]
[SourceVersion "2"]
[SourceVersionDate "2013.06.25"]
[SourceQuality "1"]

1. d4 Nf6 2. c4 g6 3. Nc3 Bg7 4. e4 0-0 5. f3 d6 6. Be3 Nc6 7. Qd2 a6 8. Bd3 e5 9. d5 Nd4 10. Nge2 Nh5 11. 0-0-0 b5 12. cxb5 axb5 13. Nxb5 Nxb5 14. Bxb5 Rxa2 15. Kb1 Ra8 16. Bc6 Ra6 17. Bb5 Ra8 18. Bc6 Ra6 19. Rc1 f5 20. Qc2 Nf6 21. Nc3 fxe4 22. Nxe4 Bf5 23. h3 Qb8 24. Qd3 Ra5 25. g4 Bc8 26. Qc3 Ra6 27. Rhd1 Kh8 28. Rd3 Bb7 29. Bb5 Ra8 30. Qc4 Ra5 31. Bd2 Ra7 32. Be3 Ra5 33. Nxf6 Bxf6 34. Bd2 Ra7 35. Be3 Ra5 36. Bd2 Ra7 37. Rcc3 Qa8 38. Ra3 Qb8 39. Rac3 Qa8 40. Ra3 Qb8 41. Ba5 Rf7 42. Bc6 Ba6 43. Rdb3 Qf8 44. Bb5 Bxb5 45. Rxb5 Bh4 46. Qb3 Qe7 47. Rb8+ Kg7 48. Qe3 Ra6 49. Bd2 Bg5 50. Qxg5 Qxg5 51. Bxg5 Rxa3 52. bxa3 Rxf3 53. Kb2 Rxh3 54. a4 Rd3 55. Rb5 Rd4 56. a5 Rxg4 57. Bd2 Ra4 58. Kb3 Ra1 59. Bc3 Rf1 60. Rb8 Rb1+ 61. Bb2 Rd1 62. a6 Rxd5 63. Bc3 1-0

[Event "EU-ch U16"]
[Site "Prague"]
[Date "2012.08.21"]
[Round "5"]
[White "Csonka, Balazs"]
[Black "Bayramov, Elkhan Khayyat"]
[Result "0-1"]
[WhiteElo "2313"]
[BlackElo "2069"]
[PlyCount "72"]
[EventDate "2012.08.17"]
[EventType "swiss"]
[EventRounds "9"]
[EventCountry "CZE"]
[SourceTitle "CBM 150 Extra"]
[Source "ChessBase"]
[SourceDate "2012.10.19"]
[SourceVersion "1"]
[SourceVersionDate "2012.10.19"]
[SourceQuality "1"]

1. d4 d5 2. Nf3 Nf6 3. c4 c6 4. Nc3 dxc4 5. a4 Bf5 6. Ne5 Nbd7 7. Nxc4 Qc7 8. g3 e5 9. dxe5 Nxe5 10. Bf4 Nfd7 11. Bg2 g5 12. Ne3 gxf4 13. Nxf5 0-0-0 14. Qc2 fxg3 15. hxg3 Kb8 16. 0-0-0 Bb4 17. Na2 Bc5 18. e3 a5 19. Kb1 Qb6 20. Qc3 f6 21. Qc2 Ba3 22. Ka1 Nc5 23. Nd4 Bb4 24. Kb1 h5 25. Bf1 Ng4 26. Bh3 Ka7 27. Bxg4 hxg4 28. Ka1 Rh3 29. Rhf1 Rh2 30. Rc1 Na6 31. Qf5 Bc5 32. Qxf6 Rxd4 33. Rxc5 Nxc5 34. exd4 Nb3+ 35. Kb1 Nd2+ 36. Kc2 Nxf1 0-1

[Event "EU-ch U16"]
[Site "Prague"]
[Date "2012.08.19"]
[Round "3"]
[White "Bayramov, Elkhan Khayyat"]
[Black "Dastan, Batuhan Muhammed"]
[Result "0-1"]
[WhiteElo "2069"]
[BlackElo "2317"]
[PlyCount "76"]
[EventDate "2012.08.17"]
[EventType "swiss"]
[EventRounds "9"]
[EventCountry "CZE"]
[SourceTitle "CBM 150 Extra"]
[Source "ChessBase"]
[SourceDate "2012.10.19"]
[SourceVersion "1"]
[SourceVersionDate "2012.10.19"]
[SourceQuality "1"]

1. e4 c5 2. Nf3 d6 3. d4 Nf6 4. Nc3 cxd4 5. Nxd4 a6 6. Bc4 e6 7. Bb3 Nbd7 8. Bg5 Qb6 9. f4 Be7 10. Qd2 Nc5 11. Bxf6 Bxf6 12. 0-0-0 h5 13. Rhe1 Bd7 14. e5 dxe5 15. fxe5 Be7 16. Qf4 Rf8 17. Nf5 exf5 18. Nd5 Qc6 19. e6 Nxb3+ 20. axb3 fxe6 21. Qe5 Rc8 22. c3 Rf7 23. Nf4 Qc7 24. Rxd7 Qxe5 25. Rxe7+ Rxe7 26. Rxe5 Kf7 27. h4 Rd8 28. b4 g6 29. Kc2 Kf6 30. Rc5 Red7 31. Kb3 e5 32. Nh3 e4 33. Nf4 e3 34. b5 Rd6 35. Kc4 axb5+ 36. Rxb5 Re8 37. Kc5 Rc6+ 38. Kd5 Rd8# 0-1

[Event "EU-ch U14"]
[Site "Albena"]
[Date "2011.09.19"]
[Round "8"]
[White "Khamidov, Komil"]
[Black "Bayramov, Elkhan Khayyat"]
[Result "1-0"]
[WhiteElo "2055"]
[BlackElo "2084"]
[PlyCount "77"]
[EventDate "2011.09.11"]
[EventType "swiss"]
[EventRounds "9"]
[EventCountry "BUL"]
[SourceTitle "CBM 144 Extra"]
[Source "ChessBase"]
[SourceDate "2011.10.28"]
[SourceVersion "1"]
[SourceVersionDate "2011.10.28"]
[SourceQuality "1"]

1. e4 c5 2. Nf3 d6 3. d4 cxd4 4. Nxd4 Nf6 5. Nc3 Bd7 6. f3 e5 7. Nb3 Bc6 8. Be3 Be7 9. Qd2 Nbd7 10. 0-0-0 0-0 11. g4 Nb6 12. g5 Nh5 13. h4 Ng3 14. Rg1 Nxf1 15. Rgxf1 Nc4 16. Qe2 Nxe3 17. Qxe3 a5 18. Kb1 b5 19. Nd5 Bxd5 20. Rxd5 a4 21. Nd2 b4 22. Nc4 Qc7 23. Qd3 Rfd8 24. Ne3 Qc6 25. Rd1 Bf8 26. Nc4 Rac8 27. Nxe5 Qc7 28. Ng4 a3 29. b3 Qb7 30. Rb5 Qa7 31. Rxb4 d5 32. Rd4 dxe4 33. fxe4 Rxd4 34. Qxd4 Qc7 35. c4 Qg3 36. Nh6+ gxh6 37. gxh6 Bc5 38. Qxc5 Qg4 39. Qg5+ 1-0

[Event "Varna op 5th"]
[Site "Varna"]
[Date "2011.07.08"]
[Round "7"]
[White "Pozharsky, Viktor"]
[Black "Bayramov, Elkhan Khayyat"]
[Result "1/2-1/2"]
[WhiteElo "2399"]
[BlackElo "2055"]
[PlyCount "66"]
[EventDate "2011.07.03"]
[EventType "swiss"]
[EventRounds "9"]
[EventCountry "BUL"]
[SourceTitle "CBM 143 Extra"]
[Source "ChessBase"]
[SourceDate "2011.08.29"]
[SourceVersion "1"]
[SourceVersionDate "2011.08.29"]
[SourceQuality "1"]

1. d4 Nf6 2. Nf3 g6 3. c4 Bg7 4. Nc3 d6 5. e4 0-0 6. Be2 e5 7. dxe5 dxe5 8. Qxd8 Rxd8 9. Bg5 Re8 10. Nd5 Nxd5 11. cxd5 f5 12. Bc4 Kh8 13. Be3 h6 14. h3 c6 15. Rd1 fxe4 16. Nd2 cxd5 17. Bxd5 Nc6 18. Bf7 Rf8 19. Bxg6 Bf5 20. Bxf5 Rxf5 21. Nxe4 Nd4 22. Rc1 Bf8 23. Bxd4 exd4 24. Rc7 Rb5 25. b3 Ra5 26. Rxb7 Rxa2 27. 0-0 Rd8 28. Rc1 Bg7 29. g3 Re2 30. Rcc7 Be5 31. Rh7+ Kg8 32. Nc5 d3 33. Rxh6 d2 1/2-1/2

[Event "Varna ETSCC 6th"]
[Site "Varna"]
[Date "2011.07.02"]
[Round "2.3"]
[White "Qadimbayli, Qoshgar"]
[Black "Bayramov, Elkhan Khayyat"]
[Result "1/2-1/2"]
[WhiteElo "1710"]
[BlackElo "2055"]
[PlyCount "48"]
[EventDate "2011.06.25"]
[EventType "swiss"]
[EventRounds "7"]
[EventCountry "BUL"]
[SourceTitle "EXT 2012"]
[Source "ChessBase"]
[SourceDate "2011.11.24"]
[SourceVersion "1"]
[SourceVersionDate "2011.11.24"]
[SourceQuality "1"]

1. e4 c5 2. Nf3 d6 3. d4 cxd4 4. Qxd4 Nc6 5. Bb5 Bd7 6. Bxc6 Bxc6 7. Nc3 Nf6 8. Bg5 e6 9. 0-0-0 Be7 10. Rhe1 0-0 11. Qd3 Qa5 12. Bh4 Rfd8 13. Nd4 Rd7 14. f4 Nxe4 15. Nxc6 bxc6 16. Bxe7 Nf2 17. Qg3 Nxd1 18. Bf6 g6 19. Rxd1 h6 20. Be5 Rad8 21. Ne4 Qxa2 22. Nf6+ Kg7 23. Qa3 Qxa3 24. bxa3 Rb7 1/2-1/2

[Event "EU-chT Children 16 years old"]
[Site "St Constantin and Helena"]
[Date "2010.06.17"]
[Round "4.1"]
[White "Sadzikowski, Daniel"]
[Black "Bayramov, Elkhan Khayyat"]
[Result "1-0"]
[WhiteElo "2258"]
[BlackElo "1926"]
[PlyCount "113"]
[EventDate "2010.06.13"]
[EventType "team-swiss"]
[EventRounds "6"]
[EventCountry "BUL"]
[SourceTitle "EXT 2020"]
[Source "ChessBase"]
[SourceDate "2019.10.17"]
[SourceVersion "1"]
[SourceVersionDate "2019.10.17"]
[SourceQuality "1"]

1. d4 Nf6 2. g3 g6 3. Bg2 Bg7 4. e4 d6 5. Nc3 Nbd7 6. Nge2 0-0 7. 0-0 e5 8. h3 Re8 9. Re1 c6 10. a4 Qc7 11. Be3 Nf8 12. Qd2 Be6 13. b3 Rad8 14. f4 Bc8 15. Rad1 Nh5 16. g4 Nxf4 17. Nxf4 exf4 18. Bxf4 Ne6 19. Be3 a6 20. Rf1 b5 21. axb5 axb5 22. d5 Bxc3 23. Qxc3 cxd5 24. Qxc7 Nxc7 25. Bg5 Rd7 26. exd5 Re2 27. c3 Bb7 28. b4 h5 29. Bf3 Rc2 30. gxh5 gxh5 31. Be4 Rxc3 32. Bf5 Rg3+ 33. Kf2 Rxg5 34. Bxd7 Bxd5 35. Rg1 Rxg1 36. Rxg1+ Kf8 37. Rd1 Bc4 38. Rxd6 Ke7 39. Rd4 Kf6 40. Kg3 Ke5 41. Rh4 Kd6 42. Bf5 Nd5 43. Rxh5 Nxb4 44. Rh8 Ke5 45. Bb1 Nd5 46. h4 Kf6 47. h5 Nc3 48. Bc2 Bd5 49. Kf4 b4 50. h6 b3 51. Bb1 Nxb1 52. Rg8 Be4 53. Kxe4 b2 54. h7 Nd2+ 55. Kd5 b1Q 56. h8Q+ Kf5 57. Qe5# 1-0

[Event "EU-chT Children 16 years old"]
[Site "St Constantin and Helena"]
[Date "2010.06.14"]
[Round "2.1"]
[White "Ziaziulkina, Nastassia"]
[Black "Bayramov, Elkhan Khayyat"]
[Result "1-0"]
[WhiteElo "2283"]
[BlackElo "1926"]
[PlyCount "41"]
[EventDate "2010.06.13"]
[EventType "team-swiss"]
[EventRounds "6"]
[EventCountry "BUL"]
[SourceTitle "EXT 2020"]
[Source "ChessBase"]
[SourceDate "2019.10.17"]
[SourceVersion "1"]
[SourceVersionDate "2019.10.17"]
[SourceQuality "1"]

1. e4 c5 2. Nf3 d6 3. d4 cxd4 4. Nxd4 Nf6 5. Nc3 a6 6. Bg5 e6 7. f4 Be7 8. Qf3 Qc7 9. 0-0-0 b5 10. Bxf6 Bxf6 11. Bxb5+ Ke7 12. e5 dxe5 13. Nf5+ Kf8 14. Qxa8 exf4 15. Rhe1 h5 16. Nd5 Bb7 17. Qa7 Nc6 18. Qc5+ Be7 19. Nfxe7 exd5 20. Nxd5+ Kg8 21. Nxc7 1-0

[Event "Varna op 4th"]
[Site "Varna"]
[Date "2010.06.13"]
[Round "2"]
[White "Bayramov, Elkhan Khayyat"]
[Black "Rzayev, Bahruz Iqbal Oglu"]
[Result "1/2-1/2"]
[WhiteElo "1926"]
[BlackElo "2266"]
[PlyCount "63"]
[EventDate "2010.06.12"]
[EventType "swiss"]
[EventRounds "9"]
[EventCountry "BUL"]
[SourceTitle "CBM 136 Extra"]
[Source "ChessBase"]
[SourceDate "2010.07.02"]
[SourceVersion "2"]
[SourceVersionDate "2010.07.15"]
[SourceQuality "1"]

1. e4 c5 2. Nf3 Nc6 3. d4 cxd4 4. Nxd4 Nf6 5. Nc3 e5 6. Ndb5 d6 7. Bg5 a6 8. Na3 b5 9. Nd5 Be7 10. Bxf6 Bxf6 11. Bd3 Bg5 12. c4 Qa5+ 13. Kf1 0-0 14. h4 Bh6 15. cxb5 axb5 16. Nxb5 f5 17. a4 Kh8 18. exf5 Nb4 19. Be4 Nxd5 20. Qxd5 Ba6 21. Bd3 Qd2 22. g4 Bxb5 23. Qxb5 Rab8 24. Qd5 Rxb2 25. Qf3 Bf4 26. Rd1 Qb4 27. Qe4 Qc5 28. Be2 Rb4 29. Qd5 Rxa4 30. Qxd6 Qc8 31. Rh3 h5 32. Rc3 1/2-1/2

[Event "EU School-ch U13"]
[Site "Thessaloniki"]
[Date "2010.04.07"]
[Round "4"]
[White "Ladopoulos, Dimitrios"]
[Black "Bayramov, Elkhan Khayyat"]
[Result "1/2-1/2"]
[WhiteElo "1858"]
[BlackElo "1942"]
[PlyCount "169"]
[EventDate "2010.04.05"]
[EventType "swiss"]
[EventRounds "9"]
[EventCountry "GRE"]
[SourceTitle "CBM 136 Extra"]
[Source "ChessBase"]
[SourceDate "2010.07.02"]
[SourceVersion "2"]
[SourceVersionDate "2010.07.15"]
[SourceQuality "1"]

1. e4 c5 2. Nf3 d6 3. c3 Nf6 4. h3 Nc6 5. Bd3 g6 6. Bc2 Bg7 7. 0-0 0-0 8. d4 cxd4 9. cxd4 Nb4 10. Bb3 d5 11. e5 Ne4 12. Nc3 Bf5 13. Be3 Rc8 14. g4 Be6 15. Rc1 Qd7 16. a3 Nxc3 17. bxc3 Nc6 18. Nh4 f5 19. gxf5 Bxf5 20. Nxf5 Rxf5 21. Qg4 e6 22. Bc2 Rf7 23. h4 Ne7 24. h5 gxh5 25. Qxh5 Nf5 26. Bg5 Bh8 27. Kh2 Bg7 28. Rg1 Kh8 29. Rg4 Rg8 30. Rcg1 Qc7 31. Kh1 Qxc3 32. Rh4 Bxe5 33. Qxf7 Qf3+ 34. Rg2 Ng3+ 35. fxg3 Qxf7 36. Rxh7+ Qxh7+ 37. Bxh7 Rxg5 38. Bd3 Bxd4 39. g4 Kg8 40. Kh2 e5 41. Bf5 Kf7 42. Kg3 Kf6 43. Rh2 Rg7 44. Rh6+ Ke7 45. Re6+ Kd8 46. Rd6+ Kc7 47. Rxd5 a6 48. Kh4 Re7 49. Be4 b5 50. g5 Rf7 51. Kh5 Rf4 52. Bg2 Rf2 53. Be4 Re2 54. Bf5 Rh2+ 55. Kg6 Rf2 56. Be4 Rf4 57. Bh1 Bb2 58. Rd3 e4 59. Re3 Kb6 60. Bxe4 Bxa3 61. Bf5 b4 62. Bd3 a5 63. Re6+ Kc7 64. Ra6 Rd4 65. Bc2 Rd5 66. Ba4 Rd6+ 67. Rxd6 Kxd6 68. Kf5 Kd5 69. g6 Bb2 70. Bb3+ Kc5 71. Ke4 Kb5 72. Kd3 a4 73. Kc2 Bg7 74. Bf7 Kc5 75. Be6 Kd6 76. Bf7 Ke7 77. Bd5 Kf6 78. Bc6 b3+ 79. Kb2 Kf5+ 80. Ka3 b2 81. Ka2 a3 82. Ba4 Kf6 83. Bc2 Bf8 84. Kb1 Ke5 85. g7 1/2-1/2

[Event "Wch U12"]
[Site "Kemer"]
[Date "2009.11.14"]
[Round "3"]
[White "Bayramov, Elkhan Khayyat"]
[Black "Bicer, Sena Aksel"]
[Result "1-0"]
[WhiteElo "1935"]
[BlackElo "1728"]
[PlyCount "75"]
[EventDate "2009.11.12"]
[EventType "swiss"]
[EventRounds "11"]
[EventCountry "TUR"]
[SourceTitle "EXT 2010"]
[Source "ChessBase"]
[SourceDate "2010.11.25"]
[SourceVersion "1"]
[SourceVersionDate "2010.11.25"]
[SourceQuality "1"]

1. e4 c5 2. b3 Nc6 3. Bb2 d6 4. Nc3 Nf6 5. f4 a6 6. Nf3 Qc7 7. d3 e5 8. fxe5 dxe5 9. Be2 Nd4 10. 0-0 Be7 11. a4 0-0 12. a5 Bd7 13. Qd2 Rac8 14. Nd1 h6 15. Ne3 Be6 16. Bd1 Bd6 17. Nc4 Bxc4 18. bxc4 Rfd8 19. Nh4 Be7 20. Bxd4 cxd4 21. Nf5 Ne8 22. Bg4 Rb8 23. Qf2 Bg5 24. h4 Bf6 25. Bh3 b6 26. axb6 Rxb6 27. Ra5 Kh7 28. Qd2 Rdb8 29. Kh2 Qd7 30. Rd5 Qc7 31. Ra1 Rd8 32. Raa5 Rxd5 33. Rxd5 Qa7 34. Qc1 a5 35. Qa3 a4 36. Qf8 a3 37. Nxh6 gxh6 38. Bf5# 1-0